000 00712nam a2200205 i 4500
001 54658
003 ES-MaACL
005 20250817024654.0
007 t|
008 931025s1869 sp ||||1| spa d
100 1 _aFulgosio, Fernando.
_952994
245 1 3 _aLa perla de Lima
_b: (episodio de la guerra del Pacífico) /
_cpor Fernándo Fulgosio.
260 _aMadrid :
_bLibrería de Cuesta,
_c1869 (
_fImp. Universal, á cargo de Víctor Saiz)
300 _a232 p. ;
_c18 cm.
490 1 _aBiblioteca económica de instrucción y recreo
830 0 0 _aBiblioteca económica de instrucción y recreo
_9182441
852 _aES-MaACL
_jD-3135
852 _aES-MaACL
_jC-3488
999 _c54658
_d54658